00285nam a2200109Ia 4500008004100000041000800041082001600049100001200065245004600077260003300123300001900156241015s9999 xx 000 0 und d aeng a331.702 ALI aDummies aCareer Development All-In-One For Dummies bWiley IndiaaNew Delhic2017 a650;. P. 23 cm